Szczegóły MARC21

Społeczna granica wzrostu gospodarczego : przyczynek do ekonomii szczęścia /

003 -Nazwa inst., której nr kontr. jest w polu 001 [,]
    • @
    • Nazwa instytucji, której n kontrolny jest w polu 001
    • NUKAT
005 -DATA I CZAS OSTATNIEJ MODYFIKACJI [,]
    • @
    • pole kontrolne
    • 20241231103211.0
020 -Międzynarod. znormalizowany nr książki - ISBN [ , ]
    • a
    • Numer ISBN
    • 9788373787957 Find
040 -Instytucja sporządzająca opis [ , ]
    • a
    • Instytucja, która sporządziła opis (NP)
    • OLSZT 003/JG
    • c
    • Instytucja, która sporządziła rekord (NP)
    • OLSZT 003/JGs
    • d
    • Instytucja, która zmodyfikowała rekord (P)
    • KR U/42JCs
942 -Rodzaj dokumentu [ , ]
    • c
    • Rodzaj dokumentu
    • Książka
245 -Strefa tytułu i oznaczenia odpowiedzialności [0,0]
    • a
    • Tytuł
    • Społeczna granica wzrostu gospodarczego : Find
    • b
    • Ciąg dalszy tytułu (NP)
    • przyczynek do ekonomii szczęścia / Find
    • c
    • Pozostałe elementy strefy tytułu i oznaczenia odpowiedzialności (NP)
    • zespół red. Ryszard Bartkowiak [et al.].
260 -Strefa adresu wydawniczego [ , ]
    • a
    • Miejsce wydania (P)
    • Warszawa :
    • b
    • Nazwa wydawcy (P)
    • Szkoła Główna Handlowa - Oficyna Wydawnicza,
    • c
    • Data wydania (P)
    • 2013.
300 -Strefa opisu fizycznego [ , ]
    • a
    • Określenie formy książki i/lub objętość (NP)
    • 136 s. ;
    • c
    • Format (NP)
    • 25 cm.
336 -Typ zawartości [ , ]
    • a
    • Termin opisujący typ zawartości
    • Tekst
    • b
    • Kod określający zawartość
    • txt
    • 2
    • Źródło (terminu i kodu)
    • rdacontent
337 -Typ mediów [ , ]
    • a
    • Tryb odtwarzania
    • Bez urządzenia pośredniczącego
    • b
    • Kod typu mediów
    • n
    • 2
    • Źródło (terminu i kodu)
    • rdamedia
338 -Typ/rodzaj nośnika [ , ]
    • a
    • Hasło opisujące typ nośnika
    • Wolumin
    • b
    • Kod typu nośnika
    • nc
    • 2
    • Źródło (terminu i kodu)
    • rdacarrier
500 -Uwaga ogólna [ , ]
    • a
    • Uwaga ogólna (NP)
    • Zawiera materiały z konferencji naukowej, zorganizowanej przez Katedrę Historii Myśli Ekonomicznej SGH w Warszawie w październiku 2012 r.
504 -Uwaga dot. bibliogr. załącznikowej [ , ]
    • a
    • Uwaga dot. bibliografii załącznikowej
    • Bibliogr. przy rozdz.
080 -Uniwersalna Klasyfikacja Dziesiętna [ , ]
    • 2
    • Identyfikator wydania tablic
    • UDC-P058
    • 9
    • UKD
    • 2969
    • a
    • Symbol klasyfikacji
    • 330.35
    • b
    • Dopowiedzenie
    • Wzrost gospodarczy. Czynniki wzrostu gospodarczego. Tempo wzrostu. Stopa wzrostu.
    • 4
    • UKD2
    • 7641
    • x
    • Poddział wspólny
    • (061)
    • c
    • Dopowiedzenie poddz. wspólnego
    • (Wydawnictwa odnoszące się do konferencji, zjazdów itd. Sprawozdania z konferencji).
080 -Uniwersalna Klasyfikacja Dziesiętna [ , ]
    • 2
    • Identyfikator wydania tablic
    • UDC-P058
    • 9
    • UKD
    • 2992
    • a
    • Symbol klasyfikacji
    • 330.83
    • b
    • Dopowiedzenie
    • Teorie, doktryny i szkoły ekonomiczne XX wieku. Marginalizm. Neomarginalizm. Neoliberalizm. Teoria równowagi. Keynesizm. Teorie wzrostu gospodarczego. Technokratyzm. Instytucjonalizm.
    • 4
    • UKD2
    • 7641
    • x
    • Poddział wspólny
    • (061)
    • c
    • Dopowiedzenie poddz. wspólnego
    • (Wydawnictwa odnoszące się do konferencji, zjazdów itd. Sprawozdania z konferencji).
080 -Uniwersalna Klasyfikacja Dziesiętna [ , ]
    • 2
    • Identyfikator wydania tablic
    • UDC-P058
    • 9
    • UKD
    • 2951
    • a
    • Symbol klasyfikacji
    • 330.163
    • b
    • Dopowiedzenie
    • Potrzeby. Potrzeby indywidualne. Potrzeby zbiorowe. Potrzeby bytowe. Potrzeby kulturalne. Potrzeby luksusowe.
    • 4
    • UKD2
    • 7641
    • x
    • Poddział wspólny
    • (061)
    • c
    • Dopowiedzenie poddz. wspólnego
    • (Wydawnictwa odnoszące się do konferencji, zjazdów itd. Sprawozdania z konferencji).
650 -Hasło przedmiotowe [ ,7]
    • a
    • Hasło przedmiotowe
    • Rozwój gospodarczy
    • x
    • Określnik rzeczowy
    • aspekt społeczny.
    • 2
    • Źródło terminu
    • kaba
    • 9
    • KHW
    • 128379
650 -Hasło przedmiotowe [ ,7]
    • a
    • Hasło przedmiotowe
    • Szczęście
    • x
    • Określnik rzeczowy
    • aspekt ekonomiczny.
    • 2
    • Źródło terminu
    • kaba
    • 9
    • KHW
    • 384172
980 -Symbol UKD [ , ]
    • a
    • UKD
    • 330.35:330.83:330.163](061)
700 -Hasło dodatkowe - nazwa osobowa [1, ]
    • a
    • Nazwa osobowa (NP)
    • Bartkowiak, Ryszard. Find
    • e
    • Określenie rodzaju współpracy
    • Red.
    • 9
    • KHW
    • 21410
710 -Hasło dodatkowe - nazwa ciała zbiorowego [2, ]
    • a
    • Nazwa ciała zbiorowego lub nazwa geograficzna jako pierwszy element (NP)
    • Szkoła Główna Handlowa (Warszawa).
    • b
    • Nazwa jednostki podrzędnej (P)
    • Oficyna Wydawnicza.
    • 4
    • Kod relacji
    • pbl
    • 9
    • KHW
    • 50749
920 -ISBN [ , ]
    • a
    • ISBN
    • 978-83-7378-795-7 Find
Status udost. Numer inwentarzowy Data inwentaryzacji Lokalizacja
-2T.150912014-03-03T